Subnautica: All Flora (Plants) - Statistics

General Stats
  • This quiz has been taken 127 times
  • The average score is 15 of 50
Answer Stats
% Correct
Sea Creepvine
68%
Coral Table Coral
62%
Sea Bloodvine
61%
Sea Acid Mushroom
60%
Land Chinese Potato Plant
56%
Coral Brain Coral
51%
Sea Deep Shroom
51%
Land Marblemelon Plant
51%
Sea Sea Crown
51%
Sea Tiger Plant
49%
Land Lantern Tree
45%
Sea Jellyshroom
42%
Land Bulbo Tree
40%
Sea Bulb Bush
36%
Sea Ghost Weed
35%
Sea Eye Stalk
31%
Sea Writhing Weed
31%
Sea Gabe’s Feather
30%
Sea Rouge Cradle
29%
Sea Blue Palm
27%
Sea Membrain Tree
27%
Sea Gel Sack
26%
Coral Giant Coral Tubes
26%
Land Jaffa Cup
26%
Land Pink Cap
26%
Sea Redwort
26%
Sea Veined Nettle
23%
Sea Violet Beau
23%
Sea Cave Bush
22%
Sea Drooping Stingers
22%
Sea Anchor Pod
21%
Sea Bloodroot
21%
Coral Tree Mushroom
21%
Land Voxel Shrub
21%
Land Speckled Rattler
19%
Land Ming Plant
18%
Land Fern Palm
17%
Land Grub Basket
17%
Coral Pyrocoral
17%
Coral Coral Shell Plate
16%
Sea Furled Papyrus
16%
Sea Tree Leech
16%
Sea Crab Claw Kelp
14%
Coral Earthen Coral Tubes
14%
Sea Spotted Dockleaf
14%
Sea Sulfur Plant
14%
Sea Brine Lily
13%
Sea Pygmy Fan
13%
Sea Regress Shell
12%
Sea Spiked Horn Grass
8%
No matching quizzes found
Score Distribution
Percent of People with Each Score
Percentile by Number Answered
Your Score History
You have not taken this quiz